| 000 | 00527nam a2200169Ia 4500 | ||
|---|---|---|---|
| 008 | 090711s9999 xx 000 0 und d | ||
| 082 | _b485 | ||
| 100 | _aपाटील विश्र्वास | ||
| 245 | _aरणांगण | ||
| 260 |
_bमॅजेस्टीक प्रकाशन _c1999 |
||
| 300 | _a91 | ||
| 600 | _aपाटील विश्र्वास | ||
| 630 | _aरणांगण | ||
| 700 | _aपाटील विश्र्वास | ||
| 730 | _aरणांगण | ||
| 942 | _cBOOK | ||
| 999 |
_c335433 _d335433 |
||